000 00737nam a2200205 a 4500
008 120416s1977 ||||||||||||||||| || u
020 _a0884100626
050 _aHD 205 Lan
100 _aErvin, David E
245 1 0 _aLand use control
246 _aevaluating economic and political effects
260 _aCambridge, Mass.
_bBallinger Pub. Co
_c1977
300 _axvii, 184p. : ill.
350 _a0.00
500 _aIncludes index. -Bibliography: p. 167-174.
650 _aLAND
650 _aECONOMIC ZONING--UNITED STATES
650 _aLAND USE--UNITED STATES--PLANNING
995 _D0.00
_FCBU-MAIN LIBRARY (Kitwe)
_H1
_I21.50
_M1
_UAVAILABLE
_ZMain Library Open Access Collection
999 _c48840
_d48840